[Event "Russian Championship G15 1st league 2016"]
[Site "Loo"]
[Date "2016.04.22"]
[Round "3.2"]
[White "Malozemova, Darya"]
[Black "Gutkovich, Polina"]
[Result "0-1"]
[WhiteElo "1643"]
[BlackElo "1776"]
[PlyCount "76"]
[EventDate "2016.04.20"]

1. d4 d5 2. Bf4 Nf6 3. Nf3 c5 4. e3 Nc6 5. c3 Qb6 6. Qc2 cxd4 7. exd4 Bg4 8.
Nbd2 Rc8 9. Be3 e6 10. Bd3 Bd6 11. Rb1 O-O 12. h3 Nb4 13. Bxh7+ Nxh7 14. Qd1
Nd3+ 15. Kf1 Bf5 16. g4 Be4 17. g5 Nf4 18. Nxe4 dxe4 19. Ne5 Bxe5 20. Bxf4 Bxf4
21. h4 Qb5+ 22. Kg1 Qd3 23. Qe1 e3 24. f3 Bg3 25. Qxg3 Qxb1+ 26. Kg2 Qxb2+ 27.
Kh3 Qxc3 28. g6 fxg6 29. Rg1 e2 30. Qxg6 Qxf3+ 31. Kh2 Qf4+ 32. Kh3 Qf1+ 33.
Kh2 Rf2+ 34. Rg2 Rxg2+ 35. Qxg2 Qxg2+ 36. Kxg2 e1=Q 37. Kh3 Qg1 38. d5 Rc3# 0-1

[Event "Russian Championship G15 1st league 2016"]
[Site "Loo"]
[Date "2016.04.22"]
[Round "3.3"]
[White "Pikalova, Sofya"]
[Black "Malko, Polina"]
[Result "1-0"]
[WhiteElo "1728"]
[BlackElo "1506"]
[PlyCount "65"]
[EventDate "2016.04.20"]

1. e4 c6 2. Nc3 d5 3. Nf3 dxe4 4. Nxe4 Nd7 5. Bc4 Ngf6 6. Neg5 e6 7. Qe2 Nb6 8.
Bb3 h6 9. Ne4 Be7 10. d4 O-O 11. h3 Nxe4 12. Qxe4 c5 13. c3 Nd5 14. Bd2 Nf6 15.
Qe2 a6 16. g4 b5 17. g5 hxg5 18. Bxg5 Bb7 19. Rg1 Re8 20. O-O-O c4 21. Bc2 b4
22. Bh6 Bf8 23. Ne5 bxc3 24. Rxg7+ Bxg7 25. Rg1 cxb2+ 26. Kb1 Qc7 27. Rxg7+ Kh8
28. Nxf7+ Qxf7 29. Rxf7 c3 30. Rxb7 Rg8 31. Rh7+ Nxh7 32. Qe5+ Rg7 33. Qxg7#
1-0

[Event "Russian Championship G15 1st league 2016"]
[Site "Loo"]
[Date "2016.04.22"]
[Round "3.4"]
[White "Martysh, Darja"]
[Black "Tolkacheva, Anna"]
[Result "1-0"]
[WhiteElo "1614"]
[BlackElo "1702"]
[PlyCount "77"]
[EventDate "2016.04.20"]

1. e4 c5 2. Nc3 Nc6 3. g3 g6 4. Bg2 Bg7 5. d3 d6 6. Be3 e6 7. Qd2 Nge7 8. Nge2
Qb6 9. O-O Nd4 10. Nd1 O-O 11. c3 Nxe2+ 12. Qxe2 d5 13. Qd2 Rd8 14. Bh6 dxe4
15. Bxg7 Kxg7 16. Bxe4 f5 17. Bg2 Qd6 18. Qe3 f4 19. gxf4 Nf5 20. Qe4 Qxd3 21.
Qe5+ Kg8 22. Qxc5 Qd2 23. Ne3 Nxe3 24. Qxe3 Qxb2 25. Rfb1 Qd2 26. Bxb7 Qxe3 27.
fxe3 Bxb7 28. Rxb7 Rd3 29. Rc1 Rxe3 30. c4 Re4 31. c5 Rxf4 32. c6 Rff8 33. c7
Rfc8 34. Rcb1 Kf7 35. Rb8 Ke7 36. Rxa8 Rxc7 37. Rab8 Kf6 38. R8b7 Rc2 39. Rxa7
1-0

[Event "Russian Championship G15 1st league 2016"]
[Site "Loo"]
[Date "2016.04.22"]
[Round "3.5"]
[White "Aliverdieva, Elina"]
[Black "Nikolaeva, Ksenya"]
[Result "1-0"]
[WhiteElo "1566"]
[BlackElo "1660"]
[PlyCount "43"]
[EventDate "2016.04.20"]

1. e4 c5 2. Nf3 e6 3. d4 cxd4 4. Nxd4 a6 5. Bd3 Bc5 6. Nb3 Ba7 7. O-O Qc7 8.
Nc3 Nf6 9. Qe2 Nc6 10. Kh1 O-O 11. f4 d6 12. Be3 Bxe3 13. Qxe3 b5 14. Rae1 Bb7
15. Qg3 Nd7 16. f5 Kh8 17. Qh4 e5 18. Nd5 Qd8 19. f6 Rg8 20. Rf5 g6 21. Rf3 Bc8
22. Qxh7+ 1-0

[Event "Russian Championship G15 1st league 2016"]
[Site "Loo"]
[Date "2016.04.22"]
[Round "3.6"]
[White "Gusenkova, Karina"]
[Black "Badmaeva, Baina"]
[Result "1/2-1/2"]
[WhiteElo "1431"]
[BlackElo "1656"]
[PlyCount "101"]
[EventDate "2016.04.20"]

1. d4 Nf6 2. Nf3 g6 3. g3 Bg7 4. Bg2 O-O 5. O-O d6 6. c4 Nbd7 7. Nc3 Re8 8. b3
e5 9. Ba3 exd4 10. Nxd4 Nc5 11. Bb2 Nce4 12. Nxe4 Nxe4 13. Qc2 Qe7 14. e3 c5
15. Nb5 Bf5 16. Qe2 a6 17. Bxg7 Kxg7 18. Qb2+ Kg8 19. Nc3 Qe5 20. Na4 Qxb2 21.
Nxb2 Rad8 22. Rfd1 b5 23. h3 h5 24. Rac1 Kg7 25. g4 hxg4 26. hxg4 Bc8 27. f3
Ng5 28. Kf2 f5 29. gxf5 gxf5 30. Rd2 Kf6 31. Rcd1 Re6 32. Bf1 Bb7 33. Bg2 Bc8
34. Nd3 Nf7 35. Nf4 Ree8 36. Nd5+ Kg7 37. cxb5 axb5 38. Nc7 Re5 39. Nxb5 Rde8
40. Nxd6 Nxd6 41. Rxd6 Rxe3 42. R1d2 f4 43. Rd8 Re2+ 44. Kf1 Rxd8 45. Rxd8 Ba6
46. Ra8 Rxa2+ 47. Kg1 c4 48. bxc4 Bxc4 49. Rxa2 Bxa2 50. Kh2 Kh6 51. Kg1
1/2-1/2

[Event "Russian Championship G15 1st league 2016"]
[Site "Loo"]
[Date "2016.04.22"]
[Round "3.7"]
[White "Zinatullina, Adelya"]
[Black "Kiseleva, Elizaveta"]
[Result "0-1"]
[WhiteElo "1775"]
[BlackElo "1542"]
[PlyCount "80"]
[EventDate "2016.04.20"]

1. d4 Nf6 2. Nf3 e6 3. c4 b6 4. Nc3 Bb4 5. Qc2 Bb7 6. e3 O-O 7. Bd3 d5 8. cxd5
Bxd5 9. e4 Bb7 10. a3 Bxc3+ 11. bxc3 h6 12. Qe2 Nbd7 13. O-O Rc8 14. c4 Re8 15.
Qc2 Nf8 16. Re1 c5 17. d5 exd5 18. exd5 Rxe1+ 19. Nxe1 b5 20. cxb5 Bxd5 21. Bf5
Ne6 22. Bb2 Qd7 23. a4 Qe7 24. Rd1 Re8 25. Bxe6 Qxe6 26. Qc3 Bb3 27. Rc1 Bxa4
28. Nd3 Bxb5 29. Nxc5 Qf5 30. Nb7 Re2 31. Qd4 Qc2 32. Qc3 Qxb2 33. Qc8+ Re8 34.
Qc5 Qe5 35. Qb4 Ng4 36. g3 Nxf2 37. Qc5 Nh3+ 38. Kg2 Qe2+ 39. Kxh3 Bd7+ 40. g4
Qxg4# 0-1

[Event "Russian Championship G15 1st league 2016"]
[Site "Loo"]
[Date "2016.04.22"]
[Round "3.8"]
[White "Perch, Sofya"]
[Black "Novogenova, Anastasia"]
[Result "1-0"]
[WhiteElo "1723"]
[BlackElo "1555"]
[PlyCount "111"]
[EventDate "2016.04.20"]

1. d4 Nf6 2. Nf3 g6 3. c4 Bg7 4. Nc3 d6 5. e4 O-O 6. Be2 Nbd7 7. Be3 e5 8. d5
a5 9. Nd2 Ne8 10. f3 f5 11. exf5 gxf5 12. O-O Kh8 13. Bd3 b6 14. a3 Nc5 15. Bc2
Rg8 16. Kh1 f4 17. Bxc5 bxc5 18. Nde4 Qh4 19. Rg1 Bf8 20. Qe2 Rg6 21. g3 fxg3
22. Nxg3 Rh6 23. Nce4 Be7 24. Nd2 Nf6 25. Bf5 Nh5 26. Nde4 Nxg3+ 27. Nxg3 Rf6
28. Qc2 Qf4 29. Be4 Rh6 30. Bf5 Qxf3+ 31. Rg2 Ba6 32. Rf1 Qe3 33. Bd3 Rh3 34.
Bf5 Rh4 35. b3 Rg8 36. Rfg1 Rf8 37. Be6 Qf3 38. Rf1 Qxf1+ 39. Nxf1 Rxf1+ 40.
Rg1 Rxg1+ 41. Kxg1 Rh6 42. Qd2 Rg6+ 43. Kh1 Bg5 44. Qxa5 e4 45. Qxa6 e3 46.
Qc8+ Kg7 47. Qg8+ Kh6 48. Qf8+ Rg7 49. Qf3 Rg6 50. h4 Bxh4 51. Qxe3+ Kg7 52. a4
Rf6 53. Qc3 Bf2 54. a5 Bd4 55. Qg3+ Rg6 56. Qxg6+ 1-0

[Event "Russian Championship G15 1st league 2016"]
[Site "Loo"]
[Date "2016.04.22"]
[Round "3.9"]
[White "Terkina, Yulia"]
[Black "Yurasova, Daria"]
[Result "0-1"]
[WhiteElo "1459"]
[BlackElo "1698"]
[PlyCount "112"]
[EventDate "2016.04.20"]

1. d4 e6 2. c4 Nf6 3. e3 Bb4+ 4. Bd2 Qe7 5. a3 Bxd2+ 6. Nxd2 b6 7. Be2 Bb7 8.
Bf3 Nc6 9. Ne2 O-O 10. O-O Rab8 11. Nc3 Qd8 12. Rc1 Ne7 13. Bxb7 Rxb7 14. Qf3
Rb8 15. Nde4 Nxe4 16. Nxe4 d6 17. Rfd1 b5 18. b4 bxc4 19. Rxc4 d5 20. Rc5 dxe4
21. Qxe4 Nd5 22. Qe5 Qd6 23. Qh5 f5 24. Rdc1 Rb6 25. b5 Qd7 26. a4 a6 27. Qe2
axb5 28. axb5 Rfb8 29. e4 fxe4 30. Qxe4 Rxb5 31. g3 Rxc5 32. dxc5 Qf7 33. Re1
Rb2 34. Qxe6 Qxe6 35. Rxe6 Rb5 36. Rc6 Kf7 37. Kg2 Ra5 38. Kf3 Ra7 39. Ke4 Nb4
40. Rd6 cxd6 41. cxd6 Rd7 42. Ke5 Nc6+ 43. Kd5 Ne7+ 44. Ke5 Nc8 45. f4 Rxd6 46.
f5 Rd2 47. h4 Rg2 48. Kf4 Ne7 49. g4 g6 50. h5 gxh5 51. gxh5 Rf2+ 52. Kg5 Nxf5
53. h6 Ke6 54. Kh5 Rh2+ 55. Kg5 Ke5 56. Kg4 Rxh6 0-1

[Event "Russian Championship G15 1st league 2016"]
[Site "Loo"]
[Date "2016.04.22"]
[Round "3.10"]
[White "Lisyanskaya, Alina"]
[Black "Selezneva, Ekaterina"]
[Result "0-1"]
[WhiteElo "1538"]
[BlackElo "1750"]
[PlyCount "132"]
[EventDate "2016.04.20"]

1. e4 c5 2. Nf3 d6 3. d4 cxd4 4. Nxd4 Nf6 5. Nc3 a6 6. Be2 e5 7. Nb3 Be7 8. O-O
O-O 9. Be3 Nbd7 10. f3 Qc7 11. Qe1 b5 12. a3 Bb7 13. Rd1 Rac8 14. Qf2 Rfd8 15.
Rd2 Nc5 16. Rfd1 Nfd7 17. h3 Rb8 18. Nxc5 Nxc5 19. Nd5 Bxd5 20. Rxd5 Na4 21.
R5d2 Nxb2 22. Rf1 Nc4 23. Bxc4 Qxc4 24. f4 Bf6 25. fxe5 dxe5 26. Rxd8+ Rxd8 27.
Qg3 Qe6 28. Qf2 Rc8 29. Re1 Qc6 30. Re2 Qxe4 31. Bg5 Qc6 32. Qe3 Qc5 33. Bxf6
gxf6 34. Qxc5 Rxc5 35. Rf2 Kg7 36. Rd2 Rc3 37. Rd3 Rxc2 38. Rd6 a5 39. Rb6 Rc5
40. Kf2 f5 41. Ke3 Rc3+ 42. Kd2 Rxa3 43. Rxb5 f6 44. Kc2 Ra2+ 45. Kd3 Rxg2 46.
Rxa5 Rg3+ 47. Ke2 Rxh3 48. Ra7+ Kg6 49. Ra8 f4 50. Re8 Kf5 51. Kf2 e4 52. Kg2
Rg3+ 53. Kf2 h5 54. Rh8 Rg5 55. Re8 e3+ 56. Kf3 Rg3+ 57. Ke2 h4 58. Kf1 h3 59.
Rh8 f3 60. Rh5+ Kg6 61. Rh4 h2 62. Rxh2 e2+ 63. Kf2 Rg2+ 64. Rxg2+ fxg2 65.
Kxe2 g1=Q 66. Kd3 Qe1 0-1

[Event "Russian Championship G15 1st league 2016"]
[Site "Loo"]
[Date "2016.04.22"]
[Round "3.11"]
[White "Vlezko, Maria"]
[Black "Sosnina, Ekaterina"]
[Result "0-1"]
[WhiteElo "1432"]
[BlackElo "1727"]
[PlyCount "82"]
[EventDate "2016.04.20"]

1. c4 e5 2. Nc3 Nc6 3. g3 Nf6 4. Bg2 Bc5 5. e3 d5 6. cxd5 Nb4 7. d4 exd4 8.
exd4 Be7 9. Nge2 Nbxd5 10. O-O Be6 11. Nf4 Nxf4 12. Bxf4 c6 13. a3 a5 14. Rb1
O-O 15. b4 axb4 16. axb4 Nd5 17. Bxd5 Bxd5 18. b5 Bc4 19. bxc6 bxc6 20. Re1 Bf6
21. Be5 Bxe5 22. dxe5 Qe7 23. Qd4 Be6 24. Rb6 Rfd8 25. Qe4 Bd5 26. Nxd5 cxd5
27. Qd4 Rac8 28. e6 Kh8 29. Re5 Rc4 30. exf7 Qxf7 31. Qe3 d4 32. Qg5 Rf8 33.
Rf5 Qe8 34. Rb7 Rg8 35. Rff7 Qc6 36. Rbc7 Qxc7 37. Rxc7 Rxc7 38. Qe5 Rd7 39.
Kf1 d3 40. Ke1 d2+ 41. Kd1 Rc8 0-1

[Event "Russian Championship G15 1st league 2016"]
[Site "Loo"]
[Date "2016.04.22"]
[Round "3.12"]
[White "Polyanskaya, Elizaveta"]
[Black "Voskresenskaya, Alevtina"]
[Result "1-0"]
[WhiteElo "1701"]
[BlackElo "1478"]
[PlyCount "121"]
[EventDate "2016.04.20"]

1. d4 Nf6 2. c4 g6 3. Nc3 d5 4. e3 Bg7 5. Bd3 O-O 6. Nf3 Bg4 7. O-O Nc6 8. a3
Re8 9. h3 Bxf3 10. Qxf3 dxc4 11. Bxc4 a6 12. Rb1 e6 13. Rd1 Qd6 14. b4 Rab8 15.
b5 Na5 16. Be2 axb5 17. Nxb5 Qd7 18. Bd2 Nc6 19. Nc3 Red8 20. Bb5 Nd5 21. Ne4
Nde7 22. Nf6+ Bxf6 23. Qxf6 Nd5 24. Qf3 Qd6 25. Bxc6 bxc6 26. e4 Nb6 27. h4 h5
28. Bb4 Qd7 29. Rbc1 Kg7 30. Qc3 Kg8 31. Qxc6 Qxc6 32. Rxc6 Rdc8 33. Rdc1 Rb7
34. Ba5 Ra8 35. Bb4 Rc8 36. f3 Kg7 37. Kf2 Kh6 38. Bd2+ Kg7 39. Bf4 Na8 40. d5
exd5 41. exd5 Rb6 42. d6 Rxc6 43. Rxc6 Kf8 44. dxc7 Ke7 45. Ke3 Kd7 46. Rc2 Nb6
47. Kd4 Na8 48. Rc1 f6 49. g4 hxg4 50. fxg4 g5 51. hxg5 fxg5 52. Bg3 Ke6 53. a4
Kd7 54. a5 Ke6 55. Rc5 Kf6 56. Kc4 Ke7 57. Kd5 Kd7 58. Kc4 Ke6 59. Kb5 Kd7 60.
Ka6 Ke6 61. Kb7 1-0

[Event "Russian Championship G15 1st league 2016"]
[Site "Loo"]
[Date "2016.04.22"]
[Round "3.13"]
[White "Burnyasheva, Elena"]
[Black "Shadrukhina, Svetlana"]
[Result "1-0"]
[WhiteElo "1664"]
[BlackElo "1434"]
[PlyCount "53"]
[EventDate "2016.04.20"]

1. e4 c5 2. Nf3 d6 3. d4 cxd4 4. Nxd4 Nf6 5. Nc3 g6 6. Be3 Bg7 7. f3 O-O 8. Bc4
Nc6 9. Qd2 Bd7 10. O-O-O a6 11. h4 b5 12. Bb3 b4 13. Nd5 Nxd5 14. Bxd5 Qc7 15.
h5 e6 16. Bb3 a5 17. hxg6 hxg6 18. g4 Rfc8 19. Nb5 Qb8 20. Nxd6 Rd8 21. Qh2 Ne5
22. Qh7+ Kf8 23. Nf5 Ke8 24. Nxg7+ Ke7 25. Bg5+ f6 26. Nf5+ Ke8 27. Qe7# 1-0

[Event "Russian Championship G15 1st league 2016"]
[Site "Loo"]
[Date "2016.04.22"]
[Round "3.14"]
[White "Fairuzova, Zulfiiya"]
[Black "Kuznetsova, Maria"]
[Result "1-0"]
[WhiteElo "1659"]
[BlackElo "1378"]
[PlyCount "57"]
[EventDate "2016.04.20"]

1. d4 f5 2. f4 e6 3. Nf3 Nf6 4. e3 Be7 5. Bd3 d5 6. c4 c6 7. Nc3 Nbd7 8. Bd2
O-O 9. O-O b6 10. cxd5 Nxd5 11. Nxd5 exd5 12. Qc2 Nb8 13. b4 Bd6 14. Ne5 Bxe5
15. fxe5 g6 16. Qb3 Bb7 17. Rac1 Nd7 18. Be2 Qe7 19. Bf3 Qe6 20. Rc2 Rfc8 21.
Rfc1 Rc7 22. a4 Rac8 23. Qa3 Qe7 24. Bc3 a5 25. Qb3 axb4 26. Bxb4 Qe6 27. Bd6
Nf8 28. Bxc7 Rxc7 29. Bxd5 1-0

[Event "Russian Championship G15 1st league 2016"]
[Site "Loo"]
[Date "2016.04.22"]
[Round "3.15"]
[White "Maltsevskaya, Anna"]
[Black "Turko, Anastasia"]
[Result "0-1"]
[WhiteElo "1326"]
[BlackElo "1612"]
[PlyCount "72"]
[EventDate "2016.04.20"]

1. e4 Nf6 2. e5 Nd5 3. d4 d6 4. c4 Nb6 5. exd6 exd6 6. Nc3 Be7 7. Nf3 O-O 8.
Bd3 Bg4 9. O-O Nc6 10. Be3 Bf6 11. Be2 d5 12. c5 Nc8 13. h3 Bh5 14. Qd2 b6 15.
Bb5 Nb8 16. Ne5 a6 17. Nc6 Qe8 18. Nxb8 axb5 19. Nxd5 Bxd4 20. Qxd4 Rxb8 21.
Rfe1 Qc6 22. Rac1 bxc5 23. Rxc5 Qa6 24. Nxc7 Qb6 25. Rxh5 Qxc7 26. Bf4 Qa5 27.
b4 Qb6 28. Qc3 Ra8 29. Bc7 Qa6 30. Rhe5 Nd6 31. Bxd6 Qxd6 32. Rxb5 Rxa2 33. Rg5
g6 34. Rge5 Qf6 35. b5 Qxf2+ 36. Kh1 Qxg2# 0-1

[Event "Russian Championship G15 1st league 2016"]
[Site "Loo"]
[Date "2016.04.22"]
[Round "3.16"]
[White "Surkova, Sofya"]
[Black "Tereschenko, Dariy"]
[Result "1-0"]
[WhiteElo "1574"]
[BlackElo "1312"]
[PlyCount "155"]
[EventDate "2016.04.20"]

1. b3 e6 2. Bb2 d5 3. e3 c5 4. d4 cxd4 5. exd4 Nc6 6. Nf3 Nf6 7. Bd3 Qc7 8. c4
Bb4+ 9. Nbd2 dxc4 10. bxc4 Qf4 11. g3 Bxd2+ 12. Nxd2 Qd6 13. Nb3 Bd7 14. O-O
O-O 15. Bc2 Rfe8 16. Nc5 b6 17. Nb3 Ne7 18. Qd3 Ng6 19. Rfd1 Bc6 20. f3 Rad8
21. Qe2 Qe7 22. a4 Qb7 23. Kf2 Qd7 24. a5 bxa5 25. Rxa5 Qb7 26. Rda1 Ra8 27.
Bc3 Nd7 28. R5a2 Ne7 29. Na5 Qc7 30. Bb4 a6 31. Bxe7 Rxe7 32. Nxc6 Qxc6 33. Be4
Qb6 34. Bxa8 Qxd4+ 35. Kg2 g6 36. Rxa6 Nc5 37. Rd1 Qc3 38. Ra2 Re8 39. Bc6 Rf8
40. Ra8 Rxa8 41. Bxa8 Qa5 42. Bc6 Qc7 43. Bb5 Qb8 44. Qd2 Qe5 45. Qd8+ Kg7 46.
Qd4 Qxd4 47. Rxd4 Kf6 48. Rd6 Ke5 49. Rc6 Nb3 50. Rc7 Nd4 51. Rxf7 h5 52. Be8
Nf5 53. Rxf5+ gxf5 54. Bxh5 Kd4 55. Bf7 Kxc4 56. Bxe6+ Kd4 57. Bxf5 Ke5 58. Bb1
Kf6 59. h4 Kg7 60. h5 Kh6 61. g4 Kg5 62. f4+ Kh6 63. Kh3 Kg7 64. Kh4 Kh6 65.
g5+ Kg7 66. h6+ Kh8 67. g6 Kg8 68. g7 Kf7 69. Bg6+ Kg8 70. Bf5 Kf7 71. Be6+ Kf6
72. g8=Q Ke7 73. Qf7+ Kd6 74. Qd7+ Kc5 75. h7 Kb6 76. h8=R Ka5 77. Qb7 Ka4 78.
Ra8# 1-0

[Event "Russian Championship G15 1st league 2016"]
[Site "Loo"]
[Date "2016.04.22"]
[Round "3.17"]
[White "Chagina, Ulyana"]
[Black "Tsvetkova, Vladislava"]
[Result "0-1"]
[WhiteElo "1276"]
[BlackElo "1570"]
[PlyCount "100"]
[EventDate "2016.04.20"]

1. d4 Nf6 2. Nf3 e6 3. Bg5 h6 4. Bh4 b6 5. Nfd2 Bb7 6. f3 g5 7. Bf2 Bg7 8. c3
d6 9. e4 c5 10. Be2 O-O 11. Nb3 cxd4 12. cxd4 d5 13. e5 Nh5 14. g3 f5 15. f4
gxf4 16. Bxh5 fxg3 17. Bxg3 f4 18. Bf2 Qg5 19. Rg1 Qf5 20. N1d2 Nc6 21. Qg4
Qxg4 22. Bxg4 Kf7 23. Bxe6+ Kxe6 24. Rxg7 Ba6 25. Rg6+ Kd7 26. Rd6+ Kc7 27. Rc1
Bb5 28. Rxh6 Kb7 29. Nf3 Nb4 30. Kd2 Nd3 31. Bh4 Nxc1 32. Nxc1 Rac8 33. Bg5 Rc7
34. a3 Rfc8 35. Na2 Rc2+ 36. Ke1 Rxb2 37. Rh7+ Ka8 38. Bxf4 Rxa2 39. Ng1 Ra1+
40. Kf2 Rc2+ 41. Kf3 Rxg1 42. Rh8+ Kb7 43. e6 Rf1+ 44. Kg4 Rc4 45. Be5 Rc6 46.
e7 Re6 47. Rh7 Ka6 48. h4 Rg6+ 49. Kh5 Be8 50. a4 Rf5# 0-1

[Event "Russian Championship G15 1st league 2016"]
[Site "Loo"]
[Date "2016.04.22"]
[Round "3.18"]
[White "Khairullina, Gulshat"]
[Black "Usarova, Evita"]
[Result "1-0"]
[WhiteElo "1157"]
[BlackElo "1545"]
[PlyCount "103"]
[EventDate "2016.04.20"]

1. e4 e5 2. Nf3 Nc6 3. Bc4 Nf6 4. d3 d5 5. exd5 Nxd5 6. Bxd5 Qxd5 7. Nc3 Qd8 8.
Qe2 Bd6 9. Be3 O-O 10. O-O Bg4 11. h3 Bh5 12. g4 Bg6 13. Kh1 f5 14. Bg5 Qd7 15.
Nh4 fxg4 16. Nxg6 hxg6 17. Qxg4 Qf7 18. Ne4 Nd4 19. c3 Nf3 20. Be3 Rad8 21. Ng5
Nxg5 22. Bxg5 Rde8 23. Qg2 b6 24. Be3 Qf5 25. Rg1 Qxd3 26. Qxg6 Qxg6 27. Rxg6
Rf3 28. Kg2 e4 29. Rg4 Kf7 30. Rxe4 Rxf2+ 31. Bxf2 Rxe4 32. Re1 Rxe1 33. Bxe1
Ke6 34. c4 Ke5 35. Bc3+ Ke4 36. Bxg7 Kd3 37. h4 Kxc4 38. h5 Bf4 39. h6 Bxh6 40.
Bxh6 c5 41. Kf2 b5 42. Ke2 a5 43. Kd2 a4 44. Kc2 b4 45. b3+ axb3+ 46. axb3+ Kb5
47. Kd3 c4+ 48. bxc4+ Ka4 49. Kd4 Kb3 50. Kc5 Ka3 51. Kb5 b3 52. Bg7 1-0

[Event "Russian Championship G15 1st league 2016"]
[Site "Loo"]
[Date "2016.04.22"]
[Round "3.25"]
[White "Sakharova, Veronika"]
[Black "Muratova, Anastasiya"]
[Result "1-0"]
[WhiteElo "1612"]
[BlackElo "1327"]
[PlyCount "73"]
[EventDate "2016.04.20"]

1. e4 c5 2. d4 cxd4 3. c3 dxc3 4. Nxc3 g6 5. h4 h5 6. Nf3 a6 7. Bc4 Qc7 8. Qd4
f6 9. Nd5 Qd6 10. Nb6 Qc6 11. Nxa8 e6 12. Be3 b5 13. Bxb5 Qxa8 14. Ba4 Qb7 15.
Rc1 Bb4+ 16. Kf1 Nc6 17. Bxc6 dxc6 18. Qb6 Qxb6 19. Bxb6 Bd7 20. Nd4 Ne7 21. a3
Bd6 22. Bc5 Be5 23. g3 Bxd4 24. Bxd4 e5 25. Bc5 Kf7 26. Kg2 Rc8 27. Bxe7 Kxe7
28. b4 f5 29. exf5 gxf5 30. Rhe1 Kf6 31. Red1 Ke6 32. Rc5 e4 33. Rxd7 Kxd7 34.
Rxf5 Re8 35. Rxh5 e3 36. fxe3 Rxe3 37. Ra5 1-0

[Event "Russian Championship G15 1st league 2016"]
[Site "Loo"]
[Date "2016.04.22"]
[Round "3.26"]
[White "Nerusheva, Arina"]
[Black "Bezenkina, Ekaterina"]
[Result "0-1"]
[WhiteElo "1513"]
[BlackElo "1413"]
[PlyCount "52"]
[EventDate "2016.04.20"]

1. e4 c5 2. Nf3 g6 3. d4 cxd4 4. Nxd4 Bg7 5. Nc3 Nc6 6. Be3 Nf6 7. Qd2 O-O 8.
O-O-O Nxd4 9. Bxd4 b6 10. f3 d6 11. g4 Bb7 12. h4 d5 13. Bxf6 Bxf6 14. Nxd5
Bxd5 15. Qxd5 Qc7 16. Qb3 Rfd8 17. Bc4 e6 18. g5 Bg7 19. Kb1 Rxd1+ 20. Rxd1 Qh2
21. Rf1 Qxh4 22. f4 Rd8 23. Qf3 Rd2 24. f5 gxf5 25. exf5 Qxc4 26. c3 Qd3+ 0-1

[Event "Russian Championship G15 1st league 2016"]
[Site "Loo"]
[Date "2016.04.22"]
[Round "3.27"]
[White "Shelezhonkova, Kseniya"]
[Black "Minko, Olga"]
[Result "0-1"]
[WhiteElo "1446"]
[BlackElo "1446"]
[PlyCount "122"]
[EventDate "2016.04.20"]

1. e4 e5 2. Nf3 Nc6 3. Bc4 Nf6 4. d3 h6 5. h3 g6 6. Nc3 Bg7 7. a3 O-O 8. g4 Nh7
9. h4 Nd4 10. Nxd4 exd4 11. Nd5 c6 12. Nf4 d5 13. Ba2 Re8 14. f3 Qd6 15. Ne2
Qf6 16. Ng3 dxe4 17. fxe4 Be6 18. Bxe6 Rxe6 19. Qe2 Qe5 20. Qg2 f5 21. gxf5
gxf5 22. Bd2 Rg6 23. O-O-O Qxg3 24. Qxg3 Rxg3 25. exf5 Rf3 26. Rdf1 Rxf1+ 27.
Rxf1 Rf8 28. Bb4 Rf7 29. Kd1 a6 30. Bc5 Nf8 31. Ke2 Nd7 32. Bb4 Nf6 33. Bd2 Nh5
34. Rg1 Kh7 35. Kd1 Rxf5 36. Re1 Re5 37. Rf1 Bf6 38. c3 Re7 39. Rf5 dxc3 40.
bxc3 Re5 41. Rf1 Ra5 42. Bc1 Rc5 43. c4 b5 44. cxb5 axb5 45. Be3 Rd5 46. Kc2
Bxh4 47. Kc3 Bf6+ 48. Kc2 Kg6 49. Rg1+ Bg5 50. Kd2 Nf6 51. Kc3 h5 52. Bf2 Ng4
53. Be1 Be3 54. Rg2 Kg5 55. Bg3 Bf4 56. Be1 h4 57. Bf2 h3 58. Rg1 h2 59. Bh4+
Kxh4 60. Rf1 Be5+ 61. Kc2 Ne3+ 0-1

[Event "Russian Championship G15 1st league 2016"]
[Site "Loo"]
[Date "2016.04.22"]
[Round "3.29"]
[White "Leontieva, Lada"]
[Black "Moiseeva, Polina"]
[Result "0-1"]
[WhiteElo "1071"]
[BlackElo "1485"]
[PlyCount "92"]
[EventDate "2016.04.20"]

1. d4 Nf6 2. Nf3 e6 3. c4 b6 4. Nc3 Bb4 5. Bd2 Bb7 6. a3 Bxc3 7. Bxc3 O-O 8. e3
Ne4 9. Qc2 f5 10. Bd3 d6 11. Bxe4 Bxe4 12. Qd2 Nd7 13. b3 Qe7 14. Qe2 Rae8 15.
Rd1 Nf6 16. b4 Rc8 17. Bb2 h6 18. Rc1 c5 19. dxc5 bxc5 20. Nh4 Kh7 21. O-O g5
22. Nf3 e5 23. Rfd1 g4 24. Nd2 h5 25. Nxe4 Nxe4 26. Rd3 Qe6 27. f3 Ng5 28. Rd2
gxf3 29. gxf3 Rg8 30. Kh1 h4 31. f4 Ne4 32. Qh5+ Qh6 33. Qxf5+ Qg6 34. Qh3 Nxd2
35. Qxh4+ Qh6 36. Qf2 Ne4 37. Qc2 Qg6 38. bxc5 Nxc5 39. f5 Qf6 40. Qd1 Qg5 41.
Qd2 Nb3 42. Qf2 Nxc1 43. Bxc1 Rxc4 44. Bb2 Rg4 45. h3 Rg1+ 46. Qxg1 Qxg1# 0-1

[Event "Russian Championship G15 1st league 2016"]
[Site "Loo"]
[Date "2016.04.22"]
[Round "3.30"]
[White "Kononova, Anastasiya"]
[Black "Esenina, Elena"]
[Result "1-0"]
[WhiteElo "1426"]
[BlackElo "1266"]
[PlyCount "133"]
[EventDate "2016.04.20"]

1. c4 e5 2. Nc3 Nf6 3. g3 d5 4. cxd5 Nxd5 5. Bg2 Be6 6. e3 c5 7. Nge2 Nc6 8.
O-O Be7 9. b3 O-O 10. Bb2 Nxc3 11. Bxc3 Bd5 12. f3 Bf6 13. Bb2 c4 14. Nc3 Be6
15. Ba3 Re8 16. Ne4 Be7 17. Bxe7 Rxe7 18. Nc5 cxb3 19. Nxe6 Rxe6 20. axb3 Rd6
21. Rf2 Qb6 22. f4 exf4 23. Bxc6 fxe3 24. Re2 exd2+ 25. Kh1 Qxc6+ 26. Kg1 Rad8
27. h4 h6 28. Kh2 a6 29. Rf2 Rf6 30. Rxd2 Rxd2+ 31. Qxd2 Rd6 32. Qe2 Re6 33.
Qd2 Qd6 34. Qc2 Re8 35. Rd1 Qe6 36. Rd2 b5 37. Rf2 Rc8 38. Qd2 Qxb3 39. Qd7 Rf8
40. Qa7 Qe6 41. Qc5 Qc8 42. Qa7 f6 43. Qb6 Rf7 44. Rd2 Rd7 45. Qe6+ Kh7 46.
Qxd7 Qb8 47. Qd3+ Kg8 48. Qd8+ Qxd8 49. Rxd8+ Kf7 50. Ra8 Ke6 51. Rxa6+ Kd5 52.
Rb6 Kc4 53. Rb7 b4 54. Rxg7 b3 55. Rb7 Kc3 56. Kh3 Kc2 57. Kg4 b2 58. Kf5 b1=Q
59. Rxb1 Kxb1 60. Kxf6 Kc2 61. Kg6 Kd3 62. Kxh6 Ke4 63. g4 Ke5 64. g5 Ke6 65.
g6 Ke7 66. Kh7 Kf6 67. g7 1-0

[Event "Russian Championship G15 1st league 2016"]
[Site "Loo"]
[Date "2016.04.22"]
[Round "3.31"]
[White "Oglezneva, Polina"]
[Black "Pervukhina, Ekaterina"]
[Result "1-0"]
[WhiteElo "1380"]
[BlackElo "1101"]
[PlyCount "109"]
[EventDate "2016.04.20"]

1. e4 e5 2. Nf3 Nc6 3. Bc4 Bc5 4. c3 d6 5. d4 Bb6 6. h3 Nf6 7. Qd3 O-O 8. Be3
Re8 9. Nbd2 exd4 10. cxd4 Ba5 11. O-O d5 12. exd5 Nxd5 13. Qb3 Nce7 14. Rfe1 c6
15. Bg5 f6 16. Bh4 b5 17. Bxd5+ Nxd5 18. Rxe8+ Qxe8 19. Re1 Qg6 20. Bg3 Kh8 21.
Re2 Bxd2 22. Nxd2 f5 23. Be5 Be6 24. Qg3 Qxg3 25. Bxg3 Bf7 26. a3 Rd8 27. Nf3
Nb6 28. Re7 Bh5 29. Be5 Rg8 30. Ng5 Nc4 31. Rxa7 Nxe5 32. dxe5 Re8 33. f4 h6
34. Nf7+ Kg8 35. Nd6 Rd8 36. Rc7 g5 37. g3 gxf4 38. gxf4 Bf3 39. Kf2 Bh1 40.
Ke3 Bg2 41. h4 Ra8 42. e6 Bd5 43. e7 Bf7 44. Rd7 Kh7 45. Nxf7 Re8 46. Nd6 Rg8
47. e8=Q+ Rg7 48. Nxf5 Rxd7 49. Qxd7+ Kg6 50. Nxh6 Kxh6 51. Qg4 c5 52. Ke4 Kh7
53. Kf5 c4 54. Kf6 c3 55. Qg7# 1-0

[Event "Russian Championship G15 2016"]
[Site "Loo"]
[Date "2016.04.22"]
[Round "3.1"]
[White "Pankova, Julia"]
[Black "Goltseva, Ekaterina"]
[Result "1-0"]
[WhiteElo "1861"]
[BlackElo "2137"]
[PlyCount "127"]
[EventDate "2016.04.20"]

1. e4 e5 2. Nf3 Nc6 3. Bb5 a6 4. Ba4 Nf6 5. O-O Be7 6. Re1 b5 7. Bb3 d6 8. a4
b4 9. c3 O-O 10. d3 Rb8 11. Nbd2 Na5 12. Ba2 Be6 13. d4 exd4 14. cxd4 d5 15. e5
Nd7 16. Nb3 Nc4 17. Nfd2 c5 18. dxc5 Bxc5 19. Nxc5 Nxc5 20. Nf3 Qd7 21. Nd4
Rbc8 22. Bb1 Bg4 23. Qc2 g6 24. f3 Ne6 25. Qf2 Qa7 26. Nc2 Qxf2+ 27. Kxf2 Bf5
28. Nxb4 Bxb1 29. Rxb1 Nc7 30. b3 Na5 31. Ba3 Rfe8 32. f4 Rb8 33. Rec1 Rb7 34.
Rc5 Nxb3 35. Rxb3 Ne6 36. Rxd5 Nxf4 37. Ra5 Reb8 38. Rf3 Ne6 39. Nd5 Nd4 40.
Rc3 Rb3 41. Rxb3 Rxb3 42. Bd6 Rb2+ 43. Kf1 Rb1+ 44. Kf2 Rb2+ 45. Ke3 Nf5+ 46.
Kf3 Nh4+ 47. Ke4 Re2+ 48. Kd3 Rxg2 49. Rxa6 Kg7 50. Ra8 g5 51. a5 Nf5 52. Ne3
Nxe3 53. Kxe3 Rxh2 54. a6 Rh3+ 55. Ke4 Rh4+ 56. Kf3 Rf4+ 57. Kg2 Ra4 58. a7 Ra5
59. Bc7 Ra2+ 60. Kg3 Ra3+ 61. Kf2 Ra6 62. Bd6 Ra5 63. Bb4 Ra2+ 64. Kg3 1-0